| 000 | 00985nam a22002297a 4500 | ||
|---|---|---|---|
| 999 |
_c102228 _d102228 |
||
| 005 | 20181204113041.0 | ||
| 010 | _a1617EN ENG-117098 | ||
| 020 |
_a9780674495210 _c395.00 |
||
| 035 | _aB-649509-526 | ||
| 035 | _aEN-100630 | ||
| 035 | _aB-667291 | ||
| 037 |
_adpl _bAakar/Ven |
||
| 082 | _a954.0254092 | ||
| 100 | _aAbu'l-Fazl | ||
| 245 |
_aThe history of Akbar : _cby Abu'l- Fazl; edited and translated by Wheeler M. Thackston _bvolume 2 / |
||
| 260 |
_aLondon _bMurty Classical Library of India _c2016 |
||
| 300 |
_axxx,560p. _c19cm(pbk) |
||
| 700 | _aThackston, Wheeler M. | ||
| 942 |
_2ddc _cEN _h954.0254092 _mABU |
||